[Event "Int. Stuttgarter Stadtmeisterschaft B"]
[Site "Ditzingen"]
[Date "2014.05.30"]
[Round "4.30"]
[White "Kreiner, Bernhard"]
[Black "Bannach, Joerg"]
[Result "0-1"]
[WhiteElo "1409"]
[BlackElo "1863"]
[PlyCount "104"]
[EventDate "2014.??.??"]
[WhiteTeam "SC Neckarsulm e.V."]
[BlackTeam "SF Augsburg"]

1. d4 Nf6 2. c3 g6 3. b4 Bg7 4. Bb2 d5 5. g3 O-O 6. Bh3 Nbd7 7. Nf3 Nb6 8. Bxc8
Qxc8 9. h4 Ng4 10. Nbd2 Qf5 11. Qb1 Qd7 12. Nb3 Na4 13. Nc5 Nxc5 14. bxc5 Rae8
15. Nh2 e5 16. Nf3 exd4 17. cxd4 Qe7 18. Qd3 f5 19. Kf1 f4 20. Rg1 c6 21. Rg2
Qe4 22. Qxe4 dxe4 23. gxf4 exf3 24. Rxg4 fxe2+ 25. Ke1 Re4 26. Rb1 Rexf4 27.
Rxf4 Rxf4 28. Kxe2 Rf7 29. Bc3 Bf6 30. Rh1 Kg7 31. h5 gxh5 32. Rxh5 Kg6 33. Rh3
h5 34. Kd3 h4 35. f3 Kf5 36. Be1 Rh7 37. a4 Bg5 38. Kc4 Ke6 39. Bf2 Bf6 40. Be1
Rd7 41. Bf2 b6 42. cxb6 axb6 43. Rh1 Ra7 44. Kb4 Kd5 45. Be3 Rh7 46. Bf2 h3 47.
a5 bxa5+ 48. Kxa5 Bxd4 49. Bxd4 Kxd4 50. f4 Ke4 51. Kb6 Rh6 52. Kc5 h2 0-1

[Event "Int. Stuttgarter Stadtmeisterschaft B"]
[Site "Ditzingen"]
[Date "2014.05.30"]
[Round "4.31"]
[White "H�fele, Torsten"]
[Black "Hartmann, Christian"]
[Result "1-0"]
[WhiteElo "1855"]
[BlackElo "1650"]
[PlyCount "121"]
[EventDate "2014.??.??"]
[WhiteTeam "SVG Vaihingen/Enz"]
[BlackTeam "SC Tarrasch 45 M�nchen"]

1. e4 e5 2. Nf3 Nc6 3. Bc4 Bc5 4. c3 Nf6 5. d3 a6 6. Bb3 d6 7. Bg5 h6 8. Bh4
Ba7 9. h3 Na5 10. Bc2 c5 11. Nbd2 Be6 12. Nf1 Nc6 13. Ne3 Ne7 14. Bxf6 gxf6 15.
Nh4 Nc6 16. Nhf5 Bxf5 17. Nxf5 Ne7 18. Ng7+ Kd7 19. Qf3 f5 20. exf5 Nc6 21. f6
Qb6 22. Rb1 Raf8 23. O-O Nd8 24. Qd5 Qc6 25. Bb3 Qxd5 26. Bxd5 b5 27. Nh5 Ne6
28. Kh2 Nc7 29. c4 Nxd5 30. cxd5 Bb6 31. b3 Rfg8 32. Rbe1 Bd8 33. Re3 Rg6 34.
Rf3 Rhg8 35. g4 Kc7 36. Rc1 Kd7 37. b4 cxb4 38. Rb1 Rf8 39. Rxb4 Ba5 40. Rb3
Rc8 41. Ra3 Bb6 42. Rxa6 Rb8 43. Kg2 Rgg8 44. Ng7 Bc5 45. Re3 Ra8 46. Rxa8 Rxa8
47. Re2 Ra4 48. Nf5 Rf4 49. f3 Rxf5 50. gxf5 b4 51. f4 Bd4 52. Kf3 Ke8 53. fxe5
dxe5 54. Re4 Bc3 55. Ke2 Kd7 56. Rh4 Kd6 57. Rxh6 Kxd5 58. Rh4 Kc5 59. Rc4+ Kb5
60. Rxc3 bxc3 61. Kd1 1-0

[Event "Int. Stuttgarter Stadtmeisterschaft B"]
[Site "Ditzingen"]
[Date "2014.05.30"]
[Round "4.32"]
[White "Mayer, Markus"]
[Black "Ellinger, Harald"]
[Result "1/2-1/2"]
[WhiteElo "1631"]
[BlackElo "1854"]
[PlyCount "114"]
[EventDate "2014.??.??"]
[WhiteTeam "SC Erdmannhausen"]
[BlackTeam "SK e4 Gerlingen"]

1. d4 d5 2. c4 e6 3. Nc3 Nf6 4. Bg5 Be7 5. e3 c6 6. Nf3 Nbd7 7. Be2 O-O 8. Qc2
Re8 9. O-O Nf8 10. cxd5 exd5 11. Ne5 N6d7 12. Bxe7 Qxe7 13. Nxd7 Bxd7 14. Bd3
h5 15. Bf5 Rad8 16. Rac1 h4 17. Bxd7 Rxd7 18. h3 Rd6 19. Rce1 Re6 20. Re2 Nh7
21. Rfe1 Ng5 22. Kh1 Ne4 23. Nxe4 dxe4 24. Rc1 Qg5 25. Qc5 Rg6 26. Qxg5 Rxg5
27. Rec2 Rd8 28. f4 exf3 29. gxf3 Rg3 30. Rf2 Rxh3+ 31. Kg2 Rg3+ 32. Kh2 Rd5
33. Rg1 Rdg5 34. Rfg2 Rxg2+ 35. Rxg2 Rxg2+ 36. Kxg2 f6 37. Kh3 g5 38. f4 Kf7
39. f5 Ke7 40. b4 Kd6 41. e4 b6 42. Kg4 c5 43. bxc5+ bxc5 44. dxc5+ Kxc5 45. e5
fxe5 46. f6 Kd6 47. Kxg5 h3 48. f7 Ke7 49. Kg6 h2 50. Kg7 h1=Q 51. f8=Q+ Kd7
52. Qf7+ Kd6 53. Qf6+ Kd5 54. Qd8+ Kc4 55. Qc7+ Kd3 56. Qd6+ Kc2 57. Qc5+ Kb1
1/2-1/2

[Event "Int. Stuttgarter Stadtmeisterschaft B"]
[Site "Ditzingen"]
[Date "2014.05.30"]
[Round "4.33"]
[White "Pfeilsticker, Thorsten"]
[Black "Schr�der, Stefan"]
[Result "1/2-1/2"]
[WhiteElo "1609"]
[BlackElo "1845"]
[PlyCount "93"]
[EventDate "2014.??.??"]
[WhiteTeam "SV Stuttgart-Wolfbusch 1956 e.V."]
[BlackTeam "EUROCOPTER SG Donauw�rth e.V."]

1. d4 Nf6 2. c4 e5 3. dxe5 Ng4 4. Bf4 Nc6 5. Nf3 Bb4+ 6. Nbd2 Qe7 7. a3 Ngxe5
8. Bxe5 Nxe5 9. Nxe5 Bxd2+ 10. Qxd2 Qxe5 11. e3 d6 12. Bd3 O-O 13. O-O Re8 14.
Rad1 Bf5 15. Bxf5 Qxf5 16. Qc3 Qe5 17. Qc2 b6 18. Rd5 Qe4 19. Qc3 Kf8 20. Rfd1
Re5 21. Rxe5 Qxe5 22. Qc2 g6 23. Rd5 Qe6 24. Qc3 f6 25. f3 Re8 26. Kf2 Kf7 27.
Rd4 Qe5 28. g3 c5 29. Rd3 Qxc3 30. Rxc3 Re5 31. g4 Re7 32. Rd3 Ke6 33. f4 Rd7
34. Kf3 d5 35. b3 a6 36. h4 f5 37. h5 dxc4 38. Rxd7 Kxd7 39. hxg6 hxg6 40. bxc4
b5 41. gxf5 gxf5 42. e4 fxe4+ 43. Kxe4 Kd6 44. cxb5 axb5 45. f5 Ke7 46. Kd5 b4
47. axb4 1/2-1/2

[Event "Int. Stuttgarter Stadtmeisterschaft B"]
[Site "Ditzingen"]
[Date "2014.05.30"]
[Round "4.34"]
[White "Blum, Michael"]
[Black "Rühl, Volker"]
[Result "1/2-1/2"]
[WhiteElo "1594"]
[BlackElo "1831"]
[PlyCount "49"]
[EventDate "2014.??.??"]
[WhiteTeam "SC Aidlingen"]
[BlackTeam "VfL Sindelfingen"]

1. e4 c5 2. Nf3 a6 3. d4 cxd4 4. Nxd4 e5 5. Nb3 Nf6 6. Nc3 Bb4 7. Bg5 Qb6 8. f3
Nc6 9. Qd2 Nd4 10. Bd3 Nxb3 11. axb3 h6 12. Bh4 g5 13. Bf2 Qc7 14. O-O Bxc3 15.
bxc3 d6 16. Rfd1 Be6 17. Bb5+ Ke7 18. Be2 b5 19. c4 bxc4 20. bxc4 Nd7 21. h4 f6
22. g4 Nc5 23. Kg2 Rhb8 24. Rh1 Rh8 25. Qe3 1/2-1/2

[Event "Int. Stuttgarter Stadtmeisterschaft B"]
[Site "Ditzingen"]
[Date "2014.05.30"]
[Round "4.35"]
[White "Pocrnic, Josip"]
[Black "Thakkar, Amish"]
[Result "1-0"]
[WhiteElo "1805"]
[BlackElo "1585"]
[PlyCount "114"]
[EventDate "2014.??.??"]
[WhiteTeam "SF 1954 Conweiler e.V."]
[BlackTeam "Rochade Metzingen e.V."]

1. e4 e5 2. Nf3 Nc6 3. Bc4 Bc5 4. c3 d6 5. d4 Bb6 6. dxe5 dxe5 7. Qxd8+ Kxd8 8.
Bxf7 Nf6 9. Bd5 Ne7 10. Nxe5 Rf8 11. O-O c6 12. Bb3 Nxe4 13. Be3 Bxe3 14. fxe3
Rxf1+ 15. Kxf1 Nd5 16. Ke2 Be6 17. Na3 Ke7 18. Bc2 Nef6 19. h3 Nb6 20. Rd1 Bd5
21. Nf3 Re8 22. b3 Ne4 23. Nb1 Ng3+ 24. Kf2 Ne4+ 25. Bxe4 Bxe4 26. Nbd2 Rd8 27.
c4 Bg6 28. Re1 Nd7 29. b4 Rf8 30. Ke2 Ke6 31. e4 Ne5 32. Nxe5 Kxe5 33. Ke3 h6
34. c5 Rf7 35. Nf3+ Ke6 36. Rd1 Re7 37. Rd6+ Kf7 38. e5 Bb1 39. a3 Ba2 40. Kd4
Be6 41. h4 Kg6 42. Ke4 Kf7 43. Kf4 Bd7 44. g3 Bc8 45. g4 Be6 46. g5 h5 47. g6+
Kxg6 48. Ng5 Rf7+ 49. Nxf7 Kxf7 50. Rd8 b6 51. Rb8 bxc5 52. bxc5 a6 53. Rb6 Bd5
54. Rxa6 Ke6 55. Ra7 Bg2 56. Rxg7 Bh3 57. Ke4 Bf5+ 1-0

[Event "Int. Stuttgarter Stadtmeisterschaft B"]
[Site "Ditzingen"]
[Date "2014.05.30"]
[Round "4.36"]
[White "Lehnhardt, Julian"]
[Black "Rieder, Josef"]
[Result "0-1"]
[WhiteElo "1593"]
[BlackElo "1803"]
[PlyCount "118"]
[EventDate "2014.??.??"]
[WhiteTeam "SV Weil der Stadt"]
[BlackTeam "Stuttgarter SF 1879"]

1. e4 c5 2. Nc3 Nc6 3. Bc4 e6 4. f4 a6 5. a3 b5 6. Ba2 Bb7 7. d3 g6 8. Be3 d6
9. Nf3 Bg7 10. O-O Nf6 11. Qe1 Ng4 12. e5 Nxe3 13. Qxe3 O-O 14. Rf2 Qe7 15.
Raf1 d5 16. Qe1 b4 17. Nd1 a5 18. Rd2 Ba6 19. Ne3 f6 20. Qh4 fxe5 21. Nxd5 Qxh4
22. Nxh4 Ra7 23. Ne3 Re7 24. fxe5 Rxf1+ 25. Kxf1 Bxe5 26. Re2 Kg7 27. axb4 axb4
28. Nf3 Bxb2 29. Nd1 Bf6 30. Rxe6 Rxe6 31. Bxe6 Kf8 32. Nf2 Ke7 33. Bd5 Nd4 34.
Nxd4 Bxd4 35. Ne4 Bb5 36. Ke2 Bd7 37. h3 Be6 38. Bxe6 Kxe6 39. Ng5+ Kf5 40.
Nxh7 Bg7 41. Kf3 g5 42. g3 g4+ 43. hxg4+ Kg6 44. Ke4 Kxh7 45. Kd5 Bd4 46. Ke4
Kg6 47. Kf4 Bc3 48. g5 Bd2+ 49. Ke4 Kxg5 50. d4 cxd4 51. Kxd4 Kg4 52. Kd3 Bc3
53. Ke2 Kxg3 54. Kd3 Kf3 55. Kc4 Ke3 56. Kb3 Kd2 57. Ka2 Kc1 58. Kb3 Kb1 59.
Ka4 Kxc2 0-1

[Event "Int. Stuttgarter Stadtmeisterschaft B"]
[Site "Ditzingen"]
[Date "2014.05.30"]
[Round "4.37"]
[White "Fürderer, Carl"]
[Black "Kissel, Ralf"]
[Result "1/2-1/2"]
[WhiteElo "1547"]
[BlackElo "1759"]
[PlyCount "50"]
[EventDate "2014.??.??"]
[WhiteTeam "SC Weiße Dame Ulm e.V."]
[BlackTeam "SK 1912 Ludwigshafen"]

1. e4 e6 2. d4 d5 3. exd5 exd5 4. Bd3 Bd6 5. Ne2 Nc6 6. O-O Nf6 7. c4 Nb4 8. c5
Nxd3 9. Qxd3 Be7 10. Nbc3 O-O 11. Bg5 h6 12. Bh4 Re8 13. Rfe1 c6 14. Bg3 g6 15.
Qd2 Kh7 16. Nc1 Bf5 17. Nd3 Bxd3 18. Qxd3 Qd7 19. f3 Bf8 20. Be5 Bg7 21. Re3
Re6 22. Rae1 Rae8 23. Ne2 Nh5 24. Nf4 Nxf4 25. Bxf4 Rxe3 1/2-1/2

[Event "Int. Stuttgarter Stadtmeisterschaft B"]
[Site "Ditzingen"]
[Date "2014.05.30"]
[Round "4.38"]
[White "Fischer, Reinhardt"]
[Black "Kovac, Marijo"]
[Result "1-0"]
[WhiteElo "1756"]
[BlackElo "1549"]
[PlyCount "93"]
[EventDate "2014.??.??"]
[WhiteTeam "SK 1912 Ludwigshafen"]
[BlackTeam "SC Schachmatt Botnang"]

1. e4 Nf6 2. e5 Nd5 3. d4 d6 4. c4 Nb6 5. c5 dxc5 6. dxc5 Qxd1+ 7. Kxd1 Nd5 8.
Bc4 c6 9. Bxd5 cxd5 10. Be3 Bf5 11. Nc3 Nc6 12. Nb5 O-O-O 13. Nd4 Nxd4 14. Bxd4
e6 15. Ne2 Be7 16. Rc1 Kc7 17. b4 a6 18. Nc3 Bg5 19. Ra1 Bd3 20. h4 Be7 21. Kd2
Bc4 22. a4 Kc6 23. g3 h5 24. b5+ axb5 25. axb5+ Bxb5 26. Nxb5 Kxb5 27. Rhb1+
Kc6 28. Rb6+ Kc7 29. Ra7 Rb8 30. c6 g5 31. Rbxb7+ Rxb7 32. Rxb7+ Kxc6 33. Rxe7
gxh4 34. gxh4 Rh7 35. Be3 Rg7 36. Bg5 Kc5 37. Kd3 Kc6 38. f4 Rh7 39. Kd4 Rg7
40. f5 exf5 41. e6 Kd6 42. exf7 Rxg5 43. f8=Q Rg4+ 44. Kd3 Kc6 45. Qf6+ Kc5 46.
Rc7+ Kb4 47. Qb2+ 1-0

[Event "Int. Stuttgarter Stadtmeisterschaft B"]
[Site "Ditzingen"]
[Date "2014.05.30"]
[Round "4.39"]
[White "Jüttner, Maik"]
[Black "Helmich, Jörg"]
[Result "1/2-1/2"]
[WhiteElo "1505"]
[BlackElo "1749"]
[PlyCount "41"]
[EventDate "2014.??.??"]
[WhiteTeam "SpVgg Rommelshausen"]
[BlackTeam "Regensb. Turnerschaft"]

1. d4 Nf6 2. Nf3 g6 3. e3 Bg7 4. Bd3 O-O 5. O-O d6 6. Nbd2 Nbd7 7. Re1 e5 8. c3
Ne8 9. e4 Nb6 10. Nf1 f5 11. dxe5 dxe5 12. Bc4+ Nd5 13. Bxd5+ Kh8 14. Ng5 Nd6
15. h4 h6 16. Ne6 Bxe6 17. Bxe6 fxe4 18. Ne3 Qf6 19. Bh3 Qxf2+ 20. Kh1 Qxh4 21.
Ng4 1/2-1/2

[Event "Int. Stuttgarter Stadtmeisterschaft B"]
[Site "Ditzingen"]
[Date "2014.05.30"]
[Round "4.41"]
[White "Bauer, Frank"]
[Black "Fuchs, Egbert"]
[Result "0-1"]
[WhiteElo "1350"]
[BlackElo "1692"]
[PlyCount "73"]
[EventDate "2014.??.??"]
[WhiteTeam "SC Feuerbach e. V."]
[BlackTeam "SVG Vaihingen/Enz"]

1. d4 Nf6 2. c4 c5 3. d5 b5 4. cxb5 a6 5. Nc3 axb5 6. e4 b4 7. Nb5 d6 8. Bf4
Bd7 9. e5 Qa5 10. exf6 Bxb5 11. Bxb5+ Qxb5 12. Qg4 Qd7 13. Qe2 gxf6 14. Nf3 Na6
15. O-O Nc7 16. Rfd1 Rg8 17. Bg3 f5 18. Qe3 Bg7 19. Rd2 Nb5 20. Bh4 Nd4 21.
Nxd4 Bxd4 22. Rxd4 cxd4 23. Qxd4 Qa7 24. Qd3 Rg4 25. g3 Re4 26. Kg2 Qb7 27. a3
Re5 28. Rd1 Ra5 29. Qb3 Raxd5 30. Qa4+ Kf8 31. Rxd5 Qxd5+ 32. Kh3 f6 33. axb4
Qf3 34. Qa7 Re2 35. Qb8+ Kf7 36. Qh8 Qxf2 37. Bxf6 0-1

[Event "Int. Stuttgarter Stadtmeisterschaft B"]
[Site "Ditzingen"]
[Date "2014.05.30"]
[Round "4.42"]
[White "Weisensel, Wolfgang"]
[Black "Dallinger, Moritz"]
[Result "0-1"]
[WhiteElo "1685"]
[BlackElo "1544"]
[PlyCount "112"]
[EventDate "2014.??.??"]
[WhiteTeam "Stuttgarter SF 1879"]
[BlackTeam "SV Stuttgart-Wolfbusch 1956 e.V."]

1. Nf3 c5 2. e3 d5 3. b3 Nc6 4. Bb2 Bg4 5. d4 cxd4 6. exd4 e6 7. Be2 Nf6 8.
Nbd2 Bd6 9. O-O O-O 10. a3 Re8 11. c4 h5 12. c5 Bc7 13. Re1 Qd7 14. Nf1 Rac8
15. Ne3 Bxf3 16. Bxf3 g6 17. Qc2 b6 18. b4 e5 19. dxe5 Bxe5 20. Bxe5 Nxe5 21.
Be2 bxc5 22. bxc5 Qc6 23. Rec1 Nfd7 24. Rd1 Nf6 25. Rac1 Ned7 26. Bf3 Re5 27.
Rd3 Kg7 28. Rc3 g5 29. g3 g4 30. Bg2 Ne4 31. Bxe4 dxe4 32. Rc4 f6 33. Ng2 Rxc5
34. Rxc5 Qxc5 35. Qxc5 Rxc5 36. Rb1 Ne5 37. Ne3 Nf3+ 38. Kg2 Ra5 39. Nc2 Rc5
40. Ne1 Rc3 41. Ra1 f5 42. Nxf3 exf3+ 43. Kf1 Kf6 44. Ke1 Ke5 45. Kd2 Kd4 46.
Ra2 a5 47. Kd1 Rb3 48. Kc2 a4 49. Ra1 Rc3+ 50. Kd2 Kc4 51. Re1 Rxa3 52. Re5
Ra2+ 53. Kd1 Rxf2 54. Rxf5 Rxh2 55. Rf4+ Kc3 56. Rxa4 Rh1# 0-1

[Event "Int. Stuttgarter Stadtmeisterschaft B"]
[Site "Ditzingen"]
[Date "2014.05.30"]
[Round "4.43"]
[White "Mejerski, Stephan"]
[Black "Haro, Niel"]
[Result "0-1"]
[WhiteElo "1672"]
[BlackElo "1526"]
[PlyCount "70"]
[EventDate "2014.??.??"]
[WhiteTeam "SK Schmiden/Cannstatt"]
[BlackTeam "Stuttgarter SF 1879"]

1. e4 Nc6 2. f4 e6 3. Nf3 b6 4. d3 Bb7 5. Be3 Nf6 6. Nbd2 d5 7. e5 Ng4 8. Bg1
Be7 9. d4 O-O 10. Qe2 Nb4 11. Qd1 c5 12. c3 Na6 13. Bd3 f5 14. Qe2 c4 15. Bc2
Nc7 16. O-O-O a5 17. h3 Nh6 18. Be3 b5 19. Rdg1 b4 20. g4 Kh8 21. g5 Ng8 22. h4
bxc3 23. bxc3 Ba3+ 24. Kd1 Nb5 25. Nb1 Bb2 26. Bd2 Ne7 27. h5 Qb6 28. Qe3 Nc6
29. Ke2 Ba6 30. a4 Nbxd4+ 31. Nxd4 Nxd4+ 32. Qxd4 Qxd4 33. cxd4 c3+ 34. Ke3
cxd2 35. Nxd2 Rfc8 0-1

[Event "Int. Stuttgarter Stadtmeisterschaft B"]
[Site "Ditzingen"]
[Date "2014.05.30"]
[Round "4.44"]
[White "Gorb, Eugeniusz"]
[Black "Kalwei, Reinhard"]
[Result "1-0"]
[WhiteElo "1657"]
[BlackElo "1489"]
[PlyCount "41"]
[EventDate "2014.??.??"]
[WhiteTeam "SK Sachsenheim"]
[BlackTeam "SC Aidlingen"]

1. e4 e6 2. d4 d5 3. exd5 exd5 4. Bd3 Be7 5. Nf3 Nf6 6. Bg5 Nc6 7. O-O O-O 8.
Re1 Bg4 9. c3 Re8 10. Nbd2 h6 11. Bh4 Qd7 12. Qc2 Nb8 13. Ne5 Qc8 14. Re3 Bh5
15. h3 Nbd7 16. Rae1 Nxe5 17. Rxe5 Bd6 18. Rxe8+ Nxe8 19. Bf5 Qb8 20. Bh7+ Kf8
21. Qf5 1-0

[Event "Int. Stuttgarter Stadtmeisterschaft B"]
[Site "Ditzingen"]
[Date "2014.05.30"]
[Round "4.45"]
[White "Steinhart, Matthias"]
[Black "Steinmassl, Guido"]
[Result "1/2-1/2"]
[WhiteElo "1779"]
[BlackElo "1617"]
[PlyCount "62"]
[EventDate "2014.??.??"]
[WhiteTeam "SF Freiberg"]
[BlackTeam "SK e4 Gerlingen"]

1. e4 c5 2. Nf3 Nc6 3. d4 cxd4 4. Nxd4 Nf6 5. Nc3 d6 6. Bg5 e6 7. Qd2 a6 8.
O-O-O Bd7 9. f3 b5 10. g4 h6 11. Be3 b4 12. Nce2 a5 13. Nxc6 Bxc6 14. Nd4 Qd7
15. Nxc6 Qxc6 16. Bd3 Rb8 17. Kb1 Be7 18. h4 Nd7 19. g5 Nc5 20. gxh6 gxh6 21.
Bxh6 Bf6 22. Bg5 Bxb2 23. Kxb2 Na4+ 24. Ka1 Nc3 25. Bf6 e5 26. Rb1 Rg8 27. Rb2
Qc5 28. Qe1 Qd4 29. Bg5 Na4 30. Bc1 Ke7 31. Qe3 Qc3 1/2-1/2

[Event "Int. Stuttgarter Stadtmeisterschaft B"]
[Site "Ditzingen"]
[Date "2014.05.30"]
[Round "4.46"]
[White "Behm, Wilfried"]
[Black "Giugno, Carmelo"]
[Result "1-0"]
[WhiteElo "1844"]
[BlackElo "1447"]
[PlyCount "91"]
[EventDate "2014.??.??"]
[WhiteTeam "SV Stuttgart-Wolfbusch 1956 e.V."]
[BlackTeam "Stuttgarter SF 1879"]

1. d4 Nf6 2. c4 g6 3. Nc3 d5 4. e3 Bg7 5. Nf3 Bg4 6. Be2 O-O 7. Qb3 dxc4 8.
Bxc4 Bxf3 9. gxf3 Nc6 10. Bd3 Ne5 11. Be2 Nc6 12. Qxb7 Na5 13. Qa6 c5 14. dxc5
Qc7 15. b4 Nd7 16. Bd2 Nc6 17. Rb1 Rab8 18. Nd5 Qc8 19. Qxc6 Qd8 20. Qc7 Qe8
21. O-O Be5 22. Qa5 e6 23. Nc3 Rb7 24. c6 Qb8 25. f4 Bxc3 26. Bxc3 Rc7 27. b5
Rfc8 28. Bd4 Nb6 29. Be5 Nd5 30. Bxc7 Rxc7 31. Qd2 Nf6 32. Bf3 g5 33. fxg5 Ne8
34. Rfd1 Rc8 35. Be4 Qe5 36. Qd3 Qxg5+ 37. Kh1 Qf6 38. Rg1+ Kh8 39. Qe2 Ng7 40.
Rg3 Qe5 41. Qf3 f5 42. Bd3 Rd8 43. Be2 Qc7 44. Rbg1 Rg8 45. Qg2 Qe5 46. Rxg7
1-0

[Event "Int. Stuttgarter Stadtmeisterschaft B"]
[Site "Ditzingen"]
[Date "2014.05.30"]
[Round "4.47"]
[White "Kurpiela, Franz"]
[Black "Schranz, Patrick"]
[Result "0-1"]
[WhiteElo "1687"]
[BlackElo "1512"]
[PlyCount "82"]
[EventDate "2014.??.??"]
[WhiteTeam "TSG �hringen"]
[BlackTeam "SC Feuerbach e. V."]

1. e4 e5 2. Nf3 Nc6 3. Bb5 d6 4. Bxc6+ bxc6 5. O-O Nf6 6. d4 exd4 7. Qxd4 c5 8.
Qd3 Be7 9. Re1 O-O 10. c4 Bb7 11. Nc3 Ng4 12. h3 Ne5 13. Nxe5 dxe5 14. Qg3 Bf6
15. b3 Re8 16. Ba3 Bh4 17. Qe3 Bg5 18. Qe2 Qd6 19. Rad1 Qc6 20. Na4 Be7 21. Qe3
f5 22. f3 fxe4 23. fxe4 Qg6 24. Bxc5 Bh4 25. Re2 a6 26. Nc3 Rad8 27. Rxd8 Rxd8
28. Qf3 h6 29. Qf5 Qg3 30. Re3 Qf4 31. Nd5 Bxd5 32. cxd5 Bf2+ 33. Kh1 Bxe3 34.
Qe6+ Kh8 35. Bxe3 Qxe3 36. Qxe5 Qc1+ 37. Kh2 Rf8 38. Kg3 Qg5+ 39. Qxg5 hxg5 40.
e5 Rf5 41. e6 Rxd5 0-1

[Event "Int. Stuttgarter Stadtmeisterschaft B"]
[Site "Ditzingen"]
[Date "2014.05.30"]
[Round "4.48"]
[White "Awiszus, Thomas"]
[Black "Handel, Oliver"]
[Result "0-1"]
[WhiteElo "1605"]
[BlackElo "1597"]
[PlyCount "96"]
[EventDate "2014.??.??"]
[WhiteTeam "SK Schmiden/Cannstatt"]
[BlackTeam "SF 59 Kornwestheim"]

1. Nf3 d5 2. e3 c5 3. b3 Nc6 4. Bb2 e6 5. Be2 Nf6 6. O-O Bd6 7. d4 cxd4 8. exd4
Qc7 9. Nc3 a6 10. Na4 Ng4 11. h3 h5 12. Qe1 Nh2 13. Nxh2 Bxh2+ 14. Kh1 h4 15.
Bf3 O-O 16. Rc1 Bf4 17. Rd1 Ne7 18. Nc5 b6 19. Nd3 Qxc2 20. Ba3 Bg5 21. Bxe7
Bxe7 22. Bxd5 Rb8 23. Rd2 Qc7 24. Bf3 Bb7 25. Bxb7 Qxb7 26. Qd1 Qe4 27. Ne5
Rfd8 28. Re1 Qd5 29. Ree2 Rbc8 30. Nf3 Bf6 31. Rc2 Rxc2 32. Rxc2 e5 33. Rd2
exd4 34. Ne1 Qe4 35. Re2 Qf4 36. Nd3 Qd6 37. Qc2 g5 38. Re4 Kg7 39. Qe2 Kh6 40.
f4 Rd7 41. Qd2 Re7 42. fxg5+ Bxg5 43. Rxh4+ Kg6 44. Rg4 f6 45. Qf2 Re3 46. Qc2
Kh6 47. Qc4 b5 48. Qxd4 Rxd3 0-1

[Event "Int. Stuttgarter Stadtmeisterschaft B"]
[Site "Ditzingen"]
[Date "2014.05.30"]
[Round "4.49"]
[White "Gottwald, Helmut"]
[Black "Albert, Rafael Edwin"]
[Result "1-0"]
[WhiteElo "1597"]
[BlackElo "1306"]
[PlyCount "77"]
[EventDate "2014.??.??"]
[WhiteTeam "SV Dicker Turm Esslingen"]
[BlackTeam "SF 59 Kornwestheim"]

1. Nf3 Nf6 2. d4 d5 3. e3 Bf5 4. c4 e6 5. Qb3 b6 6. cxd5 exd5 7. Ne5 Bd6 8.
Bb5+ Bd7 9. Nxd7 Nfxd7 10. Qxd5 c6 11. Qxd6 cxb5 12. Qd5 Na6 13. Qe4+ Kf8 14.
Bd2 Rb8 15. Nc3 Qf6 16. Ne2 Qd6 17. O-O Nb4 18. Rfc1 Nf6 19. Qf4 Qxf4 20. Bxb4+
Ke8 21. Nxf4 Kd7 22. Rc2 Rbc8 23. Rac1 Rxc2 24. Rxc2 Ne8 25. Nd5 Nd6 26. Rc7+
Ke6 27. Nf4+ Kf6 28. Bxd6 b4 29. Be5+ Kf5 30. Rxf7+ Kg5 31. Rxg7+ Kf5 32. Rf7+
Ke4 33. Bxh8 b3 34. axb3 a5 35. d5 a4 36. d6 h5 37. d7 h4 38. d8=Q h3 39. Qd5#
1-0

[Event "Int. Stuttgarter Stadtmeisterschaft B"]
[Site "Ditzingen"]
[Date "2014.05.30"]
[Round "4.50"]
[White "Wraga, Hermann"]
[Black "Gheng, Hannelore"]
[Result "0-1"]
[WhiteElo "1609"]
[BlackElo "1691"]
[PlyCount "62"]
[EventDate "2014.??.??"]
[WhiteTeam "SG Osnabrück"]
[BlackTeam "SF Deizisau"]

1. e4 c5 2. Bc4 e6 3. Nc3 g6 4. Nge2 Bg7 5. d4 cxd4 6. Nxd4 Nc6 7. Nxc6 bxc6 8.
Qd6 Qa5 9. Bd2 Qh5 10. O-O Be5 11. Bf4 Bxd6 12. Bxd6 f5 13. Be5 Nh6 14. Bxh8 f4
15. Be2 Qg5 16. f3 Nf7 17. Bd4 e5 18. Bf2 h5 19. h4 Qh6 20. Kh2 g5 21. Rh1 g4
22. fxg4 hxg4 23. Bxg4 d5 24. Bxc8 Rxc8 25. Bxa7 d4 26. Nd1 Qxh4+ 27. Kg1 Qe1+
28. Kh2 Qxe4 29. c3 f3 30. gxf3 Qxf3 31. cxd4 Kd7 0-1

[Event "Int. Stuttgarter Stadtmeisterschaft B"]
[Site "Ditzingen"]
[Date "2014.05.30"]
[Round "4.51"]
[White "Wraga, Teresa"]
[Black "Walter, Stefan"]
[Result "0-1"]
[WhiteElo "1622"]
[BlackElo "1599"]
[PlyCount "92"]
[EventDate "2014.??.??"]
[WhiteTeam "SG Osnabrück"]
[BlackTeam "DJK Stuttgart-Süd"]

1. e4 c5 2. Nf3 Nc6 3. d4 cxd4 4. Nxd4 g6 5. Nc3 Bg7 6. Be3 Nf6 7. g3 d6 8. h3
Bd7 9. Bg2 a6 10. O-O Ne5 11. b3 Qc8 12. Nd5 Nxd5 13. exd5 Bxh3 14. Rc1 O-O 15.
c4 Bxg2 16. Kxg2 Qd7 17. f4 Ng4 18. Bg1 Nh6 19. Rc2 Nf5 20. Nxf5 Qxf5 21. Re2
Bf6 22. Bd4 h5 23. Rfe1 Rfe8 24. Bxf6 Qxf6 25. Qd3 Rac8 26. Qf3 b5 27. Qd3 Rc7
28. Rf2 bxc4 29. bxc4 Rec8 30. Rc1 e6 31. dxe6 Qxe6 32. f5 gxf5 33. Qxf5 Qxf5
34. Rxf5 Rxc4 35. Rxc4 Rxc4 36. Rxh5 Rc2+ 37. Kh3 Rxa2 38. Rd5 a5 39. Rxd6 Ra1
40. Ra6 a4 41. Kg4 a3 42. Kg5 a2 43. Kg4 f5+ 44. Kg5 Kf7 45. Ra7+ Ke6 46. Ra4
f4 0-1

[Event "Int. Stuttgarter Stadtmeisterschaft B"]
[Site "Ditzingen"]
[Date "2014.05.30"]
[Round "4.52"]
[White "Petitto, Francesco"]
[Black "Pibernik, Dario"]
[Result "0-1"]
[WhiteElo "1647"]
[BlackElo "1609"]
[PlyCount "109"]
[EventDate "2014.??.??"]
[WhiteTeam "SK Sontheim/Brenz e.V."]
[BlackTeam "SV Schorndorf"]

1. e4 e5 2. Nf3 Nc6 3. Bc4 Nf6 4. d3 Be7 5. Be3 b6 6. Nc3 Bb7 7. Qd2 Na5 8.
Nxe5 Nxc4 9. Nxc4 d6 10. Ne2 d5 11. exd5 Nxd5 12. Bd4 Bg5 13. Be3 Nxe3 14. Nxe3
Bxg2 15. Rg1 Bb7 16. Qc3 Bf6 17. Qa3 g6 18. Ng3 Bf3 19. Qa4+ c6 20. Qf4 Bxb2
21. Rb1 Bc3+ 22. Kf1 Bd5 23. Ne4 Bxe4 24. Qxe4+ Kd7 25. Qg4+ Kc7 26. Qf4+ Kb7
27. Qxf7+ Qc7 28. Qb3 Bd4 29. Rg3 Rhf8 30. Qb4 Qf4 31. Qd2 Rae8 32. Kg1 Rf5 33.
Rd1 Bxe3 34. fxe3 Qh4 35. e4 Rf4 36. Rf1 Rxf1+ 37. Kxf1 Rf8+ 38. Kg2 Qf6 39.
Qe2 Qb2 40. a4 Rf7 41. Rf3 Rc7 42. Qf2 Qa2 43. e5 Qd5 44. Qe3 Re7 45. d4 c5 46.
c3 cxd4 47. cxd4 Qa2+ 48. Rf2 Qxa4 49. e6 Qc6+ 50. Kf1 Rxe6 51. Rf7+ Kc8 52.
Qh3 Qc4+ 53. Kg2 Qe2+ 54. Kh1 Qe4+ 55. Qg2 0-1

[Event "Int. Stuttgarter Stadtmeisterschaft B"]
[Site "Ditzingen"]
[Date "2014.05.30"]
[Round "5.1"]
[White "Bausch, Jean"]
[Black "Shahisavandi, Abdollah"]
[Result "0-1"]
[WhiteElo "1791"]
[BlackElo "1849"]
[PlyCount "81"]
[EventDate "2014.??.??"]
[WhiteTeam "SC Unterhaching e.V."]
[BlackTeam "Karlsruher SF 1853"]

1. d4 d5 2. Bf4 Nf6 3. Nf3 Bf5 4. e3 Nh5 5. Bg3 Nxg3 6. hxg3 Nc6 7. Bd3 Qd7 8.
Bxf5 Qxf5 9. a3 e5 10. dxe5 Nxe5 11. Nbd2 Bd6 12. Nd4 Qd7 13. Qe2 a6 14. N2f3
c5 15. Nb3 Nc4 16. c3 Qb5 17. Qc2 g6 18. O-O O-O 19. Rfe1 Rfe8 20. Nbd2 Qxb2
21. Qxb2 Nxb2 22. Reb1 Na4 23. c4 Re7 24. cxd5 b5 25. Re1 Rae8 26. Rac1 c4 27.
Nb1 Nc5 28. Rc2 Kg7 29. Kh2 Rd7 30. Rce2 Nd3 31. Rd1 Bc5 32. Nc3 Bxa3 33. Ra2
Bb4 34. Ne2 a5 35. Ned4 Rxd5 36. Nc6 Bc3 37. Nfd4 Nb4 38. Nxb4 axb4 39. Ra5
Bxd4 40. Rxd4 Rxd4 41. exd4 0-1

[Event "Int. Stuttgarter Stadtmeisterschaft B"]
[Site "Ditzingen"]
[Date "2014.05.30"]
[Round "5.2"]
[White "Weißenberger, Mario"]
[Black "Schömbs, Oliver"]
[Result "1-0"]
[WhiteElo "1673"]
[BlackElo "1864"]
[PlyCount "67"]
[EventDate "2014.??.??"]
[WhiteTeam "Ssg Fils-Lauter e. V."]
[BlackTeam "SC Ingersheim e.V."]

1. e4 d5 2. exd5 Qxd5 3. Nc3 Qd6 4. d4 Nf6 5. Nf3 c6 6. Be2 Nbd7 7. O-O Nb6 8.
b3 Bg4 9. h3 h5 10. hxg4 hxg4 11. Ne5 O-O-O 12. Bxg4+ Nxg4 13. Qxg4+ f5 14.
Qxf5+ e6 15. Qg4 Be7 16. Nf3 Rh7 17. Bf4 Rdh8 18. g3 Qb4 19. Qxe6+ Kd8 20. Rfe1
Nc8 21. Ne4 Qb5 22. Ne5 Qd5 23. Nf7+ Ke8 24. Qxd5 Rh1+ 25. Kg2 R1h2+ 26. Kf3
cxd5 27. Ned6+ Nxd6 28. Bxd6 Kxf7 29. Rxe7+ Kg6 30. Rxb7 Re8 31. Rxa7 Kh6 32.
Bf4+ g5 33. Ra6+ Kh5 34. g4+ 1-0